Helena - Karma (paroles) - Statistiques

Statistiques générales
  • Ce quiz a été pris 100 fois
  • Le résultat moyen est 250 sur 332
Statistiques - réponses
Paroles Paroles % Correct
de
94%
et
94%
le
92%
du
90%
Refrain Karma
90%
des
89%
destin
89%
la
89%
89%
un
89%
Un
89%
à
87%
les
87%
nous
87%
t'étais
87%
ce
86%
dans
86%
Dans
86%
moi
86%
Moi
86%
partout
86%
se
86%
vois
86%
au
84%
in
84%
je
84%
joue
84%
j'te
84%
qu'à
84%
s'en
84%
sky
84%
the
84%
déserts
83%
j'me
83%
rien
83%
dunes
81%
journée
81%
soudain
81%
spécial
81%
une
81%
c'était
79%
lunes
79%
milieu
79%
refrain
79%
sans
79%
soleils
79%
souviens
79%
quand
78%
qui
78%
vie
78%
d'rien
76%
grand
76%
gros
76%
l'autoradio
76%
Pré-refrain On
76%
on
76%
mal
75%
bien
71%
est
71%
Pont Est
71%
qu'on
71%
chance
70%
Diamonds
70%
pas
70%
tout
70%
fil
68%
jouait
68%
bon
67%
crois
67%
dit
67%
ficelles
67%
mêle
67%
tire
67%
t'y
67%
moment
65%
que
65%
sait
65%
comme
63%
laide
63%
ressemble
63%
tourne
63%
belle
62%
boom
62%
ces
62%
gâcher
62%
Couplet 2 Mais
62%
roue
62%
coup
60%
croise
60%
étoile
60%
Couplet 1 Ouais
60%
sens
60%
si
60%
dessiné
59%
plus
59%
pouvait
59%
savais
59%
visage
59%
c'est
57%
bienveillant
56%
fait
56%
parfois
56%
d'pouce
54%
perdu
54%
mains
52%
messages ?
51%
t'es
51%
voir ?
51%
étoiles
49%
hasard
49%
histoires ?
49%
n'tiens
49%
parages
49%
puzzle
49%
tendues
49%
alignées
48%
repassera
46%
déjà
44%
emboitées
44%
pièces
44%
Qu'est
44%
toute
44%
venue
44%
bonne
43%
retiendra
41%
t'relèvent
33%
s'emmêle
25%
Houhou
21%
Houhouhou
14%
Aucun quiz correspondant
Distribution des résultats
% des personnes avec chaque résultat
Percentile par nombre de réponses
Votre historique - résultats
Vous n’avez pas pris ce quiz